000 01098nam a2200241Ia 4500
003 Ost
005 20260507075337.0
008 260507s9999||||xx |||||||||||||| ||und||
020 _a43397099579
040 _cfsecg
041 _aara
082 _a330
100 _aالتل، نادر ادريس
_eمؤلف
245 0 _aآفاق اقتصاد السوق :
_bحركة التقدم التقني ازدهار أم انهيار الرأسمالية ؟ /
_c نادر ادريس التل
250 _aطبعة 2 ( منقحة ومزيدة)
260 _aعمان:
_bدار الكتاب الحديث,
_c2012
300 _a158 صفحة؛
_bإيضاحات ؛
_c14 سم
504 _aقائمة الجداول ص.7
520 _aالتقدم التقني و الرأسمالية و حركة الاقتصاد في البلدان النامية و مشكلات النمو و التطور في اطار العلاقات الرأسمالية و نظرية القيمة مع تناول الاشتراكية
653 _aإقتصاد السوق
653 _aالرأسمالية
942 _cكتاب
999 _c44062
_d44062